00701nam a2200181 a 450000100100000000500170001000800410002704000250006808200150009310000360010824500670014426000350021130000300024650400310027604900090030795201860031699900170050200003489820200930073955.0111021s1956 cu c 000 0 spa d aDO-SdBNPbspacBNPHU axxxxbE61e1 aEntralgo Cancio, Alberto96046210aMartí ante el proceso de Jesús /cAlberto Entralgo Cancio. aLa Habana :bLa Verdad,c1956. a166 p. :bretr. ;c23 cm. aBibliografía : p. [139]. aBNGR 001050718MOaGRbGRcHDd2011-10-21iLF1l0oxxxx E61ep34898-10r2020-06-25w2020-06-25y1zPerteneció a la biblioteca personal de Juan Isidro Jimenes GrullónZNo se presta c34389d34389